|
|
|
|
| LEADER |
02348nam a2200409 a 4500 |
| 001 |
EBC515776 |
| 003 |
MiAaPQ |
| 005 |
20200520144314.0 |
| 006 |
m o d | |
| 007 |
cr cn||||||||| |
| 008 |
091008s2010 dcuad sb i001 0 eng d |
| 010 |
|
|
|z 2009041883
|
| 020 |
|
|
|z 9780821374078
|
| 020 |
|
|
|a 9780821381458 (electronic bk.)
|
| 035 |
|
|
|a (MiAaPQ)EBC515776
|
| 035 |
|
|
|a (Au-PeEL)EBL515776
|
| 035 |
|
|
|a (CaPaEBR)ebr10476327
|
| 035 |
|
|
|a (OCoLC)649901789
|
| 040 |
|
|
|a MiAaPQ
|c MiAaPQ
|d MiAaPQ
|
| 050 |
|
4 |
|a HF1008
|b .B88 2010
|
| 082 |
0 |
4 |
|a 338.7
|2 22
|
| 245 |
0 |
0 |
|a Business regulation and economic performance
|h [electronic resource] /
|c Norman V. Loayza and Luis Serven, editors.
|
| 260 |
|
|
|a Washington, D.C. :
|b World Bank,
|c c2010.
|
| 300 |
|
|
|a xiii, 274 p. :
|b ill.
|
| 504 |
|
|
|a Includes bibliographical references and index.
|
| 505 |
0 |
|
|a Overview / Norman Loayza (World Bank) and Luis Serven (World Bank) -- Product market regulation and macroeconomic performance : a review of cross-country evidence / Fabio Schiantarelli (Boston College) -- Regulation and macroeconomic performance across the world / Norman Loayza, Ana Maria Oviedo (World Bank), and Luis Serven -- Regulation and microeconomic dynamics / Norman Loayza, Ana Maria Oviedo, and Luis Serven -- Informality in Latin America and the Caribbean / Norman Loayza, Luis Serven, and Naotaka Sugawara (World Bank) -- Slow recoveries / Raphael Bergoeing (U. of Chile), Norman Loayza, and Andrea Repetto (U. of Chile) -- Market reforms, factor reallocation, and productivity growth in Latin America / Marcela Eslava (U. Los Andes, Colombia), John Haltiwanger (U. of Maryland), Adriana Kugler (U. of Houston), and Maurice Kugler (Harvard U.).
|
| 533 |
|
|
|a Electronic reproduction. Ann Arbor, MI : ProQuest, 2015. Available via World Wide Web. Access may be limited to ProQuest affiliated libraries.
|
| 650 |
|
0 |
|a Business enterprises
|v Case studies.
|
| 650 |
|
0 |
|a Industrial laws and legislation
|v Case studies.
|
| 650 |
|
0 |
|a Trade regulation
|v Case studies.
|
| 650 |
|
0 |
|a Economic development
|v Case studies.
|
| 655 |
|
4 |
|a Electronic books.
|
| 700 |
1 |
|
|a Loayza, Norman.
|
| 700 |
1 |
|
|a Serven, Luis.
|
| 710 |
2 |
|
|a World Bank.
|
| 710 |
2 |
|
|a ProQuest (Firm)
|
| 856 |
4 |
0 |
|u https://ebookcentral.proquest.com/lib/matrademy/detail.action?docID=515776
|z Click to View
|